Приложение к "Rigaschen Zeibury" от 6 августа 1856 года по случаю коронования Александра II с описанием церемонии

Доступно только в Электронных читальных залах Найти на картеНа карте
RUSMARC
00003570nmc2a2200000 x 450
001c5ed7a17-79b4-4d33-a72b-0b39b1762a3b
00520151218194613.0
100##$a20150914l18561856k l0rusy0189 ca
1010#$ager
102##$aRU
2001#$aПриложение к "Rigaschen Zeibury" от 6 августа 1856 года по случаю коронования Александра II с описанием церемонии
$j1856 г.
251##$cДело
300##$aНа немецком языке
300##$aПечатное
801#0$aRU
$bРГИА
$c20150914
$gRCR
801#1$aRU
$bГлавНИВЦ
$c20150914
$2rusmarc
801#2$aRU
$bПБ им. Б.Н. Ельцина
$c20151218
$gRCR
$2rusmarc
850##$aРГИА
852##$aРГИА
$eФедеральное казенное учреждение "Российский государственный исторический архив" (РГИА)
$j1416
937##$hРГИА
$d12148394
$aASBIBLIO_SCAN
462#0$1001822e29f6-cf5c-4253-b938-c1de610979e5
$12001
$aАрхив князей Васильчиковых. 1706-1917 гг.
$1251
$cОпись
$1852
$j1
461#0$1001f72a1ecb-9a9a-44e3-87ff-4a647e6521fe
$12001
$aВасильчиковы, князья
$1251
$cФонд
$1852
$j651
215##$a2 л.
$d36,5х26 см
371##$aДокумент не является опубликованным и широко распространяемым
105##$ay###
1220#$ad
035##$ac5ed7a17-79b4-4d33-a72b-0b39b1762a3b
Формат отображения